000 00717nam a22002297a 4500
999 _c10642
_d10642
003 AR-CdUCM
008 190401b ||||| |||| 00| 0 spa d
040 _aMUNICIPALIDAD PROVINCIAL DEL CUSCO
_cBIBLIOTECA MUNICIPAL DEL CUSCO
041 _hfre
082 _aES / 800 /
_bM19
100 _aMalot, Héctor
_927612
245 _aEn Familia /
260 _aBuenos Aires :
_bAcme Agency S. A. C. I. ;
_c1955.
300 _a299 páginas ;
_bIlustraciones
_c20cm
440 _aColección Robin Hood
_927354
505 _aContenido: Novela
650 _aNovela
_9572
650 _aLiteratura juvenil
_91580
700 _aVerneuil, Enrique Leopoldo de (traducción)
_927613
942 _2ddc
_cLIBROS
945 _anom